The urge to merge (Record no. 71080)

MARC details
000 -LEADER
fixed length control field 01103cam a2200229 4500
001 - CONTROL NUMBER
control field ABS65805
008 - FIXED-LENGTH DATA ELEMENTS--GENERAL INFORMATION
fixed length control field 020904n2002 000 0 eng u
035 ## - SYSTEM CONTROL NUMBER
System control number (Sirsi) u119557
100 ## - MAIN ENTRY--PERSONAL NAME
Personal name Hoban, V.
245 #4 - TITLE STATEMENT
Title The urge to merge
260 ## - PUBLICATION, DISTRIBUTION, ETC.
Date of publication, distribution, etc. 2002
490 ## - SERIES STATEMENT
Series statement Estates Gazette
Volume/sequential designation (0235) 31 August 2002, 81(2)
520 ## - SUMMARY, ETC.
Summary, etc. Examines the issues connected with corporate mergers which reached a new high in 2000. Notes that during the last two years the number has been affected by the global economic slowdown and several high profile mergers have failed to deliver such as AOL and Time Warner. Argues that mergers are sometimes driven by the wrong reasons by aggressive chief executives because they want to expand the company. Often key issues are neglected which can make the merger fail or the companies can get too absorbed in making sure that each side is equally represented.
590 ## - LOCAL NOTE (RLIN)
Local note ABS
650 ## - SUBJECT ADDED ENTRY--TOPICAL TERM
Topical term or geographic name entry element MERGERS
650 ## - SUBJECT ADDED ENTRY--TOPICAL TERM
Topical term or geographic name entry element MERGER NEGOTIATIONS
650 ## - SUBJECT ADDED ENTRY--TOPICAL TERM
Topical term or geographic name entry element ECONOMIC ISSUES
650 ## - SUBJECT ADDED ENTRY--TOPICAL TERM
Topical term or geographic name entry element AOL
650 ## - SUBJECT ADDED ENTRY--TOPICAL TERM
Topical term or geographic name entry element TIME WARNER
690 ## - LOCAL SUBJECT ADDED ENTRY--TOPICAL TERM (OCLC, RLIN)
Topical term or geographic name as entry element MANAGEMENT-BUSINESS MANAGEMENT
942 ## - ADDED ENTRY ELEMENTS (KOHA)
Suppress in OPAC 0
Holdings
Withdrawn status Lost status Source of classification or shelving scheme Damaged status Not for loan Home library Current library Shelving location Date acquired Total Checkouts Full call number Barcode Date last seen Copy number Price effective from Koha item type
    Dewey Decimal Classification     London London Journal article 04/09/2002   ABS65805 119557-1001 06/08/2019 1 06/08/2019 Journal article